00441 2200157 4500001002100000005001500021008004100036035001900077041000700096082000800103090001400111100002200125245003100147260008100178300002400259INLIS00000000002849320241224132546241224||||||||| | ||| |||| || |  0010-1224028493 aid0 a819 a819 SAP L0 aSOPUDIN S.PD.,Spk00aLEMAH CAI KADEUDEUH KURING aKabupaten SukabumibDinas pendidikan Dan Kebudayaan Kabupaten Sukabumic2003 a63 hlm,;22.5 x15 cm